Vainqueurs de l'Eurovision - Statistiques

Statistiques générales
  • Ce quiz a été pris 55 fois
    18 depuis la dernière actualisation
  • Le résultat moyen est 12 sur 69
Statistiques - réponses
Année Vainqueur Pays Vainqueur % Correct
2024 Nemo Suisse
88%
2021 Måneskin Italie
63%
1988 Céline Dion Suisse
50%
1965 France Gall Luxembourg
50%
2025 JJ Autriche
50%
2012 Loreen Suède
50%
2023 Loreen Suède
50%
1974 ABBA Suède
38%
2019 Duncan Laurence Pays-Bas
38%
2006 Lordi Finlande
38%
1977 Marie Myriam France
38%
2009 Alexander Rybak Norvège
25%
1958 André Claveau France
25%
2014 Conchita Wurst Autriche
25%
1970 Dana Irlande
25%
1998 Dana International Israël
25%
2008 Dima Bilan Russie
25%
2011 Ell & Nikki Azerbaïdjan
25%
2013 Emmelie de Forest Danemark
25%
2016 Jamala Ukraine
25%
1980 Johnny Logan Irlande
25%
1987 Johnny Logan Irlande
25%
2022 Kalush Orchestra Ukraine
25%
2015 Måns Zelmerlöw Suède
25%
2018 Netta Israël
25%
2017 Salvador Sobral Portugal
25%
1971 Séverine Monaco
25%
1991 Carola Suède
13%
1999 Charlotte Nilsson Suède
13%
1996 Eimear Quinn Irlande
13%
2005 Helena Paparízou Grèce
13%
1962 Isabelle Aubret France
13%
1997 Katrina and the Waves Royaume-Uni
13%
1956 Lys Assia Suisse
13%
2002 Marie N Lettonie
13%
2007 Marija Šerifović Serbie
13%
1993 Niamh Kavanagh Irlande
13%
2000 Olsen Brothers Danemark
13%
1989 Riva Yougoslavie
13%
2004 Ruslana Ukraine
13%
1969 Salomé / Frida Boccara / Lenny Kuhr / Lulu Espagne / France / Pays-Bas / Royaume-Uni
13%
1986 Sandra Kim Belgique
13%
1995 Secret Garden Norvège
13%
2003 Sertab Erener Turquie
13%
1990 Toto Cutugno Italie
13%
1972 Vicky Leandros Luxembourg
13%
1973 Anne-Marie David Luxembourg
0%
1985 Bobbysocks Norvège
0%
1976 Brotherhood of Man Royaume-Uni
0%
1981 Bucks Fizz Royaume-Uni
0%
1983 Corinne Hermès Luxembourg
0%
1957 Corry Brokken Pays-Bas
0%
1979 Gali Atari & Milk and Honey Israël
0%
1964 Gigliola Cinquetti Italie
0%
1963 Grethe & Jørgen Ingmann Danemark
0%
1984 Herreys Suède
0%
1978 Izhar Cohen & The Alphabeta Israël
0%
1960 Jacqueline Boyer France
0%
1961 Jean-Claude Pascal Luxembourg
0%
2010 Lena Meyer-Landrut Allemagne
0%
1992 Linda Martin Irlande
0%
1968 Massiel Espagne
0%
1982 Nicole Allemagne
0%
1994 Paul Harrington & Charlie McGettigan Irlande
0%
1967 Sandie Shaw Royaume-Uni
0%
2001 Tanel Padar, Dave Benton & 2XL Estonie
0%
1975 Teach-In Pays-Bas
0%
1959 Teddy Scholten Pays-Bas
0%
1966 Udo Jürgens Autriche
0%
Aucun quiz correspondant
Distribution des résultats
% des personnes avec chaque résultat
Percentile par nombre de réponses
Votre historique - résultats
Vous n’avez pas pris ce quiz depuis la dernière actualisation